|
|
|
|
| LEADER |
00950nam a22002411 4500 |
| 001 |
c000323777 |
| 003 |
CARM |
| 005 |
00000000000000.0 |
| 008 |
711124s1965 nyu b 00000 eng |
| 019 |
1 |
|
|a 650612
|z 55240789
|5 LACONCORD2021
|
| 035 |
|
|
|a (OCoLC)256038
|5 LACONCORD2021
|
| 050 |
0 |
0 |
|a HN15
|b .K48
|
| 100 |
1 |
|
|a King, Clarence.
|
| 245 |
1 |
0 |
|a Working with people in community action;
|b an international casebook for trained community workers and volunteer community leaders.
|
| 260 |
|
|
|a New York,
|b Association Press
|c [1965]
|
| 300 |
|
|
|a 192 p.
|c 21 cm.
|
| 504 |
|
|
|a "Source materials by chapters": p. 189-192.
|
| 650 |
|
0 |
|a Community development.
|
| 650 |
|
0 |
|a Community organization.
|
| 852 |
8 |
|
|b CARM
|h A1:AN19C0
|i B08648
|p 0416074
|f BK
|
| 082 |
0 |
4 |
|a 309.26
|
| 999 |
f |
f |
|i 405a4d54-77e7-5c27-b72f-fadaf89b8a6b
|s 96479288-71ad-5f14-9de1-ae90ea989325
|
| 952 |
f |
f |
|p Can circulate
|a CAVAL
|b CAVAL
|c CAVAL
|d CARM 1 Store
|e B08648
|f A1:AN19C0
|h Other scheme
|i book
|m 0416074
|